An introduction to Analysis/ (Record no. 8471)

MARC details
000 -LEADER
fixed length control field 00579nam a22002057a 4500
003 - CONTROL NUMBER IDENTIFIER
control field OSt
005 - DATE AND TIME OF LATEST TRANSACTION
control field 20240614115728.0
008 - FIXED-LENGTH DATA ELEMENTS--GENERAL INFORMATION
fixed length control field 240614b |||||||| |||| 00| 0 eng d
020 ## - INTERNATIONAL STANDARD BOOK NUMBER
International Standard Book Number 0131453335
040 ## - CATALOGING SOURCE
Transcribing agency Must
082 ## - DEWEY DECIMAL CLASSIFICATION NUMBER
Edition number 3rd.
Classification number 515 WAD 2004
100 ## - MAIN ENTRY--PERSONAL NAME
Personal name Wade, William R.
9 (RLIN) 11019
245 ## - TITLE STATEMENT
Title An introduction to Analysis/
Statement of responsibility, etc. William R. Wade
250 ## - EDITION STATEMENT
Edition statement 3rd ed.
260 ## - PUBLICATION, DISTRIBUTION, ETC. (IMPRINT)
Place of publication, distribution, etc. New Jersey:
Name of publisher, distributor, etc. Peason Prentice Hall;
Date of publication, distribution, etc. c2009.
300 ## - PHYSICAL DESCRIPTION
Extent xiv,625p.;
Other physical details ill.:
Dimensions 24cm.
504 ## - BIBLIOGRAPHY, ETC. NOTE
Bibliography, etc Includes Bibliographical references and index
600 ## - SUBJECT ADDED ENTRY--PERSONAL NAME
Source of heading or term Mathematics
942 ## - ADDED ENTRY ELEMENTS (KOHA)
Source of classification or shelving scheme Dewey Decimal Classification
Koha item type Open Shelf
Holdings
Withdrawn status Lost status Source of classification or shelving scheme Damaged status Not for loan Home library Current library Date acquired Source of acquisition Inventory number Total Checkouts Full call number Barcode Date last seen Price effective from Koha item type
    Other/Generic Classification Scheme     MUST Main Library MUST Main Library 14/06/2024 purchase 10/32357   515 WAD 2004 2024-20515 14/06/2024 14/06/2024 Open Shelf